| 000 | 00958nam a22002895a 4500 | ||
|---|---|---|---|
| 008 | 081113t2007 nju |||fr|||| 001 0 eng d | ||
| 010 | _a2005054600 | ||
| 020 | _a0131947214 | ||
| 020 | _a9780131947214 | ||
| 035 | _a(OCoLC)ocm61704007 | ||
| 040 |
_aEG-ScBuE _beng _cEG-ScBuE |
||
| 082 | 0 | 0 |
_a174.4 _bBOA _222 |
| 100 | 1 | _aBoatright, John Raymon | |
| 245 | 1 | 0 |
_aEthics and the conduct of business / _cJohn R. Boatright. |
| 250 | _a5th ed. | ||
| 260 |
_aUpper Saddle River : _bPearson Prentice Hall, _cc.2007. |
||
| 300 |
_aix, 451 p. ; _bill. , _c24 cm. |
||
| 500 | _aIndex : p. 441-451. | ||
| 504 | _aIncludes bibliographical references. | ||
| 590 | _ayassmeen ashraf | ||
| 650 | 0 |
_aBusiness ethics. _2BUEsh |
|
| 650 | 0 |
_aSocial responsibility of business. _2BUEsh |
|
| 651 | _2BUEsh | ||
| 653 |
_bBUSADM _cAugust2015 |
||
| 856 | 4 | 1 |
_3Table of contents only _uhttp://www.loc.gov/catdir/toc/fy0609/2005054600.html |
| 942 |
_cBB _k174.4 BOA _2ddc |
||
| 999 |
_c4816 _d4816 |
||